|
|
|
|
| LEADER |
01078nam a2200229 a 4500 |
| 001 |
GR-Patra23107 |
| 003 |
GR-PaULI |
| 005 |
20230523113122.0 |
| 008 |
071004s2004 nyua g 000 0 eng d |
| 952 |
|
|
|0 0
|1 0
|2 ddc
|4 0
|6 006_780000000000000_MEA
|7 1
|9 303122
|a LISK
|b LISK
|c BSC
|d 2021-01-17
|e 24
|f 0
|g 0.00
|l 0
|o 006.78 MEA
|p 92410039640
|r 2021-01-17 00:00:00
|t 1
|w 2021-01-17
|y BKN
|x 20080506 0 0
|x GrPaTEI
|
| 952 |
|
|
|0 0
|1 0
|2 ddc
|4 0
|6 006_780000000000000_MEA
|7 0
|9 303123
|a LISP
|b LISP
|c ALFg
|d 2021-01-17
|e 24
|f
|g 0.00
|i 33028
|l 0
|o 006.78 MEA
|p 025000300925
|r 2021-01-17 00:00:00
|t 2
|v 2021.00
|w 2021-01-17
|y BK15
|e
|x
|x GrPaTEI
|
| 999 |
|
|
|c 176034
|d 176034
|
| 020 |
|
|
|a 0072230150
|
| 040 |
|
|
|a GrPaTEI
|b gre
|c GR-PaULI
|e AACR2
|
| 082 |
0 |
4 |
|a 006.78
|2 23
|
| 100 |
1 |
|
|a Meadhra, Michael
|9 198288
|e συγγραφέας.
|
| 245 |
1 |
0 |
|a How to do everything with Dreamweaver MX 2004 /
|c Michael Meadhra.
|
| 260 |
|
|
|a New York :
|b McGraw-Hill,
|c c2004.
|
| 300 |
|
|
|a xx, 409 σ. :
|b εικ. ;
|c 24 εκ.
|
| 650 |
|
4 |
|a Dreamweaver (Αρχείο υπολογιστή)
|9 194773
|
| 942 |
|
|
|2 ddc
|c BK
|
| 998 |
|
|
|c ΜΠΟΥΡΑΣ
|d 2023-05
|